000 00502cam a2200169 4500500
005 20260405001944.0
041 _afre
042 _adc
100 1 0 _aGoron, Gaëtan
_eauthor
245 0 0 _aMots croisés #9
260 _c2015.
500 _a8
690 _aGaëtan Goron
690 _aMots croisés
786 0 _nPhilosophie magazine | 86 | 2 | 2015-02-01 | p. 78-78 | 1951-1787
856 4 1 _uhttps://shs.cairn.info/magazine-philosophie-magazine-2015-2-page-78?lang=fr&redirect-ssocas=7080
999 _c2052698
_d2052698